Austrian Airlines Destinations on a Map - Statistics

General Stats
  • This quiz has been taken 246 times
  • The average score is 87 of 130
Answers on the Map
Answers color-coded by a green-red scale on the quiz's map according to % correct below.
 
Answer Stats
Country Answer % Correct
United States Los Angeles
98%
United States New York
98%
United Kingdom London
96%
Thailand Bangkok
94%
Egypt Cairo
94%
United States Chicago
94%
United Kingdom Manchester
94%
France Paris
94%
Japan Tokyo
94%
Spain Barcelona
93%
United States Washington
93%
United States Boston
92%
Italy Rome
92%
China Shanghai
92%
Sweden Stockholm
92%
Austria Vienna
92%
The Netherlands Amsterdam
91%
Germany Berlin
91%
Norway Oslo
91%
Greece Athens
90%
Belgium Brussels
90%
Denmark Copenhagen
90%
United Kingdom Edinburgh
90%
Iceland Reykjavik
90%
Turkey Istanbul
89%
Italy Milan
89%
Germany Munich
89%
Portugal Porto
89%
Romania Bucharest
88%
Germany Hamburg
88%
Czech Republic Prague
88%
Poland Warsaw
88%
Switzerland Zurich
88%
Germany Frankfurt
87%
Maldives Male
87%
Italy Naples
87%
France Nice
86%
Iran Tehran
86%
Italy Venice
86%
Hungary Budapest
84%
France Marseille
84%
Canada Montreal
84%
Mexico Cancun
83%
Switzerland Geneva
83%
Israel Tel Aviv
83%
Croatia Zagreb
83%
Serbia Belgrade
82%
Bulgaria Sofia
82%
Spain Valencia
82%
France Lyon
81%
Jordan Amman
80%
Germany Dusseldorf
79%
Bosnia and Herzegovina Sarajevo
78%
Germany Cologne
77%
Italy Florence
77%
Poland Krakow
77%
Italy Palermo
77%
Spain Seville
77%
Sweden Gothenburg
76%
Spain Malaga
76%
Lithuania Vilnius
76%
Spain Ibiza
75%
Morocco Marrakech
75%
United States Newark
75%
Spain Palma de Mallorca
75%
Germany Stuttgart
75%
Georgia Tbilisi
75%
Mauritius Port Louis
74%
Turkey Antalya
73%
Croatia Split
73%
Albania Tirana
73%
Greece Thessaloniki
72%
Austria Graz
71%
Moldova Chisinau
70%
Macedonia Skopje
70%
Italy Bari
69%
Spain Tenerife
69%
Switzerland Basel
68%
Italy Bologna
68%
Austria Innsbruck
68%
Croatia Dubrovnik
67%
Armenia Yerevan
67%
Kosovo Pristina
66%
Germany Bremen
64%
Germany Hannover
64%
Germany Leipzig
64%
Montenegro Podgorica
64%
Spain Menorca
61%
Greece Heraklion
60%
Germany Nuremberg
60%
Greece Rhodes
60%
Spain Gran Canaria
59%
Italy Catania
58%
Cyprus Larnaca
57%
Greece Kos
56%
Italy Cagliari
55%
Greece Corfu
55%
Portugal Funchal
53%
Egypt Hurghada
51%
Greece Santorini
50%
Greece Mykonos
49%
Bulgaria Varna
49%
Spain Fuerteventura
45%
Iraq Erbil
44%
Austria Klagenfurt
44%
Croatia Zadar
42%
Greece Chania
39%
Slovakia Kosice
39%
Finland Rovaniemi
38%
Italy Olbia
36%
Greece Zakynthos
36%
Italy Brindisi
31%
Romania Iasi
31%
Greece Kalamata
27%
Egypt Marsa Alam
27%
Turkey Dalaman
26%
Italy Lamezia Terme
26%
Montenegro Tivat
26%
Tunisia Monastir
25%
Greece Kefalonia
23%
Greece Patras
23%
Finland Kittila
20%
Greece Skiathos
20%
Greece Kavala
19%
Greece Samos
18%
Romania Sibiu
18%
Greece Preveza
17%
Greece Karpathos
15%
Greece Volos
15%
Greece Lemnos
11%
No matching quizzes found
Score Distribution
Percent of People with Each Score
Percentile by Number Answered
Your Score History
You have not taken this quiz